| 000 | 00375nam a22001217a 4500 | ||
|---|---|---|---|
| 999 |
_c515807 _d515807 |
||
| 082 | _aTNC F5x5 Al11 | ||
| 100 |
_aAlatas, Syed Hussein _921821 |
||
| 245 |
_aCorruption and the destiny of Asia _cby Syed Hussein Alatas |
||
| 260 |
_aAsia _bSimon & Schuster _c1999 |
||
| 300 | _a164p. | ||
| 650 |
_aPolitical corruption- Asia _921822 |
||
| 650 |
_aPolitical corruption- Social _921823 |
||